000 00568nam a2200193 a 4500
001 1770285652615
003 YourLibrary
005 20260205153742.0
008 260205s1983##################000#0#eng##
020 _a9780333107317
082 0 4 _a330.156
_bKEY
100 1 _aKeynes, John Maynard,
_eauthor.
245 1 0 _aThe Collected Writings of John Maynard Keynes: Economic articles and correspondence: investment and editorial :
260 _c1983.
300 _a912 pages
650 0 _aEconomics.
942 _cENGLISH
040 _aYourLibrary
_beng
_cYourLibrary
999 _c610451
_d610451